| 000 | 00604nam a2200217Ia 4500 | ||
|---|---|---|---|
| 003 | GCL | ||
| 008 | 140319s9999 xx 000 0 ara d | ||
| 040 |
_aGCL / _cGCL |
||
| 082 | 0 | 4 |
_a550 _bف ف |
| 100 | 1 | _aمحمد جمال الدين الفندى | |
| 245 | 1 | 0 |
_aالطبيعة الجوية / _cمحمد جمال الدين الفندى |
| 300 | _a354 ص | ||
| 490 | _a | ||
| 650 | 0 | 4 | _aالمناخ |
| 650 | 0 | 4 | _aالاشعاع |
| 650 | 0 | 4 | _aالارصاد الجوية |
| 650 | 0 | 4 | _aالفضاء الخارجى |
| 650 | 0 | 4 | _aالضغط الجوى |
| 650 | 0 | 4 | _aالرعد |
| 942 |
_2ddc _cBK |
||
| 999 |
_c46608 _d46608 |
||